Hauptstadt zu einer zufälligen Flagge - Statistiken

Allgemein
  • Dieses Quiz wurde 801 mal gespielt
  • Das Durchschnittsergebnis liegt bei 15 aus 20
Antwortstatistiken
Bildquiz Antwort % Korrekt
Amsterdam
100%
Canberra
100%
Dublin
100%
Madrid
100%
Mexiko-Stadt
100%
Moskau
100%
Rom
100%
Teheran
100%
Tunis
100%
Washington D.C.
100%
Bagdad
97%
Brüssel
97%
Bukarest
97%
Zagreb
97%
Belgrad
96%
Bern
96%
Budapest
96%
Lima
96%
Ottawa
96%
Peking
96%
Prag
96%
Stockholm
96%
Athen
95%
Jerusalem
95%
Reykjavík
95%
Riad
95%
Seoul
95%
Vatikanstadt
95%
Wien
95%
Kuala Lumpur
94%
Lissabon
94%
London
94%
Manila
94%
Tokio
94%
Warschau
94%
San Marino
93%
Berlin
92%
Paris
92%
Algier
91%
Monaco
91%
Nairobi
90%
Pjöngjang
90%
Santiago
90%
Sarajevo
90%
Vaduz
90%
Ankara
89%
Luxemburg
89%
Oslo
89%
Quito
89%
Abuja
88%
Brasilia
88%
Buenos Aires
88%
Havanna
88%
Kairo
88%
Kingston
88%
Montevideo
88%
Neu-Delhi
88%
Nikosia
88%
Vilnius
88%
Port-au-Prince
87%
Sofia
87%
Tirana
87%
Caracas
86%
Hanoi
86%
Riga
86%
Bangkok
85%
Beirut
85%
Kopenhagen
85%
Panama-Stadt
85%
Valletta
85%
Rabat
84%
Bratislava
83%
Kathmandu
83%
Minsk
83%
Podgorica
83%
Skopje
83%
Chișinău
82%
Doha
82%
Kabul
82%
Tallinn
82%
Ulaanbaatar
82%
Guatemala- Stadt
81%
Kuwait-Stadt
81%
Lomé
81%
Managua
81%
Addis Abeba
80%
Antananarivo
80%
Duschanbe
80%
Wellington
80%
Bissau
79%
Helsinki
79%
Islamabad
79%
Pretoria, Kapstadt oder Bloemfontein
79%
Dhaka
78%
Tiflis
78%
Baku
77%
Bogotá
77%
Kiew
77%
Lusaka
77%
Priština
77%
Accra
76%
Jakarta
76%
Santo Domingo
76%
Taschkent
76%
Windhoek
75%
Abu Dhabi
74%
Bandar Seri Begawan
74%
Luanda
74%
Monrovia
74%
Victoria
74%
Dschibuti
73%
Singapur
73%
South Tarawa
73%
Sri Jayawardenepura Kotte
73%
Andorra la Vella
72%
Ljubljana
72%
Taipeh
72%
Asmara
71%
Asunción
71%
Bamako
71%
Bischkek
71%
Damaskus
71%
Lilongwe
71%
Dodoma
70%
Mbabane
69%
San José
69%
Kinshasa
68%
Niamey
68%
Tegucigalpa
68%
Thimphu
68%
Kigali
67%
Maputo
67%
Bridgetown
65%
Jerewan
65%
N'Djamena
65%
Sanaa
65%
Belmopan
64%
Kampala
64%
La Paz oder Sucre
64%
Mogadischu
64%
Phnom Penh
64%
Suva
64%
Tripolis
64%
Juba
63%
Saint John's
63%
Nassau
62%
Amman
61%
Khartum
61%
Port Louis
61%
Port Moresby
61%
Port-of-Spain
61%
Harare
60%
Dili
59%
Saint George's
59%
Malabo
58%
Malé
58%
Maskat
58%
Astana
57%
Majuro
57%
Praia
57%
Vientiane
57%
Manama
56%
Nouakchott
56%
Brazzaville
55%
Georgetown
55%
Naypyidaw
55%
Banjul
54%
Funafuti
54%
Gaborone
53%
Moroni
53%
São Tomé
53%
Aşgabat
52%
Freetown
52%
Porto-Novo oder Cotonou
52%
Castries
50%
Dakar
50%
Gitega
50%
Kingstown
50%
Port Vila
50%
Nukuʻalofa
48%
San Salvador
48%
Ouagadougou
47%
Yamoussoukro
46%
Ngerulmud
45%
Bangui
44%
Basseterre
44%
Conakry
44%
Apia
43%
Jaunde
43%
Maseru
39%
Paramaribo
39%
Roseau
38%
Palikir
36%
Yaren
36%
Libreville
32%
Honiara
27%
Keine übereinstimmenden Quizze gefunden
Verteilung der Resultate
Anzahl Personen mit jedem Resultat
Perzentil nach korrekt beantworteten Fragen
Ihre Resultats-Entwicklung
Sie haben dieses Quiz noch nicht gespielt